山形県の難読地名 30コ - Statistics

General Stats
  • This quiz has been taken 26 times
  • The average score is 5 of 30
Answer Stats
漢字 回答 % Correct
寒河江(寒河江市) さがえ
100%
吹浦(遊佐町) ふくら
60%
温海(鶴岡市) あつみ
56%
及位(真室川町) のぞき
52%
莅(三川町) のぞき
52%
七五三掛(鶴岡市) しめかけ
44%
梨郷(南陽市) りんごう
40%
三瀬(鶴岡市) さんぜ
28%
日田(寒河江市) にった
20%
遊摺部(酒田市) ゆするべ
12%
母袋(尾花沢市) もたい
8%
金瓶(上山市) かなかめ
8%
狸森(上山市) むじなもり
8%
手向(鶴岡市) とうげ
4%
茨新田(鶴岡市) ばらしんでん
4%
無音(鶴岡市) よばらず
4%
一日町(東根市) ひとかまち
4%
丹生(尾花沢市) にゆう
4%
山刀伐(尾花沢市) なたぎり
4%
海味(西川町) かいしゅう
4%
瀦(三川町) みずま
4%
外内島(鶴岡市) とのじま
0%
文下(鶴岡市) ほうだし
0%
早田(鶴岡市) わさだ
0%
境興野(酒田市) さかいこうや
0%
茨野新田(酒田市) ばらのしんでん
0%
六供町(寒河江市) ろっくまち
0%
高豆蒄(三川町) こうづく
0%
主計田(三川町) かずいだ
0%
直世(遊佐町) すぐせ
0%
No matching quizzes found
Score Distribution
Percent of People with Each Score
Percentile by Number Answered
Your Score History
You have not taken this quiz